[Event "SC Klein-Berlin Rheine 1 - SF Schwerte "]
[Site "NRW-Klasse, Gruppe 2 2010/201"]
[Date "2010.11.28"]
[Round "3.2"]
[White "Bruemmer, Frank"]
[Black "Borzykin, Ihor"]
[Result "1-0"]
[WhiteElo "2184"]
[BlackElo "1927"]
[PlyCount "85"]
[EventDate "2010.??.??"]

1. d4 d5 2. c4 e5 3. dxe5 d4 4. Nf3 Nc6 5. g3 Nge7 6. Nbd2 Ng6 7. Nb3 Bb4+ 8.
Bd2 Ngxe5 9. Nxe5 Bxd2+ 10. Qxd2 Nxe5 11. Qxd4 Qxd4 12. Nxd4 Bg4 13. h3 O-O-O
14. Rd1 Bh5 15. b3 c5 16. Nf5 Nf3+ 17. exf3 Rxd1+ 18. Kxd1 Bxf3+ 19. Be2 Bxh1
20. f3 Rd8+ 21. Ke1 g6 22. Ne7+ Kd7 23. Nd5 Kd6 24. Kf2 f5 25. h4 h6 26. Ne3
Ke5 27. Nd5 Kd4 28. Ne7 Rd6 29. h5 Re6 30. Nxg6 Re3 31. Nf4 a6 32. Nd5 Re5 33.
a4 b5 34. axb5 axb5 35. Nc7 Rxe2+ 36. Kxe2 bxc4 37. Nb5+ Kd5 38. bxc4+ Kxc4 39.
Nd6+ Kc3 40. Nxf5 c4 41. Nxh6 Kd4 42. Nf5+ Ke5 43. h6 1-0

[Event "SC Klein-Berlin Rheine 1 - SF Schwerte "]
[Site "NRW-Klasse, Gruppe 2 2010/201"]
[Date "2010.11.28"]
[Round "3.3"]
[White "Tawakol, Kai"]
[Black "Lambrechts, Koen"]
[Result "1/2-1/2"]
[WhiteElo "2103"]
[BlackElo "2157"]
[PlyCount "43"]
[EventDate "2010.??.??"]

1. c4 b6 2. d4 e6 3. Nf3 Bb7 4. a3 f5 5. Nc3 Nf6 6. g3 Be7 7. Bg2 O-O 8. O-O
Ne4 9. Qc2 Nxc3 10. Qxc3 Qe8 11. Bg5 Bxg5 12. Nxg5 Bxg2 13. Kxg2 Qe7 14. Nf3 d6
15. Rae1 Nd7 16. e4 fxe4 17. Rxe4 Qf6 18. Qe3 Rae8 19. Rf4 Qe7 20. Rxf8+ Nxf8
21. Re1 Qf6 22. Re2 1/2-1/2

[Event "SC Klein-Berlin Rheine 1 - SF Schwerte "]
[Site "NRW-Klasse, Gruppe 2 2010/201"]
[Date "2010.11.28"]
[Round "3.4"]
[White "Buendgen, Achim"]
[Black "Fleischhauer, Thomas"]
[Result "1-0"]
[WhiteElo "2138"]
[BlackElo "2040"]
[PlyCount "65"]
[EventDate "2010.??.??"]

1. d4 d5 2. c4 e6 3. cxd5 exd5 4. Nc3 c5 5. Nf3 Nc6 6. g3 Nf6 7. Bg2 Be7 8. O-O
O-O 9. b3 Ne4 10. Bb2 Bf6 11. Na4 b5 12. Nxc5 Nxc5 13. Rc1 Nxd4 14. Nxd4 Ne4
15. Nc6 Qd7 16. Bxf6 Nxf6 17. Bxd5 Nxd5 18. Qxd5 Qxd5 19. Ne7+ Kh8 20. Nxd5 Bh3
21. Rfd1 Rac8 22. f3 Rxc1 23. Rxc1 Rc8 24. Rxc8+ Bxc8 25. Kf2 Bb7 26. Nc7 a6
27. b4 Kg8 28. Ke3 Kf8 29. Kd4 f5 30. Ne6+ Kg8 31. Ke5 g6 32. Kf6 Ba8 33. Nc5
1-0

[Event "SC Klein-Berlin Rheine 1 - SF Schwerte "]
[Site "NRW-Klasse, Gruppe 2 2010/201"]
[Date "2010.11.28"]
[Round "3.5"]
[White "Vicktor, Christian"]
[Black "Kuempers, Ulrich"]
[Result "1-0"]
[WhiteElo "2000"]
[BlackElo "2023"]
[PlyCount "117"]
[EventDate "2010.??.??"]

1. d4 Nf6 2. c4 d6 3. Nf3 g6 4. g3 Bg7 5. Bg2 O-O 6. Nc3 Nbd7 7. O-O e5 8. e4
Re8 9. h3 exd4 10. Nxd4 a6 11. Re1 Rb8 12. Rb1 Ne5 13. b3 Bd7 14. a4 Qc8 15.
Kh2 h5 16. Nd5 h4 17. Nxf6+ Bxf6 18. g4 g5 19. f4 gxf4 20. Bxf4 Ng6 21. Be3 Qd8
22. Qd2 Qe7 23. Kg1 Qe5 24. Rf1 Rbd8 25. Qf2 c5 26. Qxf6 Qxf6 27. Rxf6 cxd4 28.
Bxd4 Bc6 29. Bb6 Rd7 30. Rd1 Bxe4 31. Bxe4 Rxe4 32. Rfxd6 Rde7 33. Bf2 Re2 34.
Rd8+ Kh7 35. R8d7 Nf4 36. Rxe7 Rxe7 37. Bxh4 Nxh3+ 38. Kh2 Re3 39. Rd7 Rxb3 40.
Rxf7+ Kg6 41. Rf6+ Kg7 42. Rf5 Kg6 43. a5 Rc3 44. Kg2 Ra3 45. Rf6+ Kg7 46. Rf3
Rxf3 47. Kxf3 Kf7 48. Ke3 Ke6 49. Bd8 Kd7 50. Bf6 Ke6 51. g5 Kf5 52. Kd4 Nf2
53. Kc5 Ne4+ 54. Kb6 Ke6 55. Kxb7 Nd6+ 56. Kxa6 Nxc4 57. Kb5 Kd5 58. a6 Nd6+
59. Kb6 1-0

[Event "SC Klein-Berlin Rheine 1 - SF Schwerte "]
[Site "NRW-Klasse, Gruppe 2 2010/201"]
[Date "2010.11.28"]
[Round "3.6"]
[White "Langhanke, Guenther"]
[Black "Zarges, Stephan"]
[Result "0-1"]
[WhiteElo "2004"]
[BlackElo "2136"]
[PlyCount "130"]
[EventDate "2010.??.??"]

1. e4 e5 2. Nf3 Nc6 3. Bc4 Bc5 4. d3 Nf6 5. Bb3 d6 6. c3 O-O 7. Nbd2 Kh8 8. h3
Be6 9. Nf1 d5 10. Bg5 dxe4 11. Bxf6 Qxf6 12. dxe4 Qf4 13. Ng3 Rad8 14. Qc1 Bxb3
15. axb3 Rfe8 16. Qc2 Bb6 17. Ne2 Qh6 18. O-O Rd6 19. Kh1 Red8 20. Rad1 Kg8 21.
Kg1 Qg6 22. Nh4 Qf6 23. Nf5 Rxd1 24. Rxd1 h5 25. Rxd8+ Qxd8 26. Nfg3 g6 27. Nc1
Qg5 28. Nce2 Nd8 29. Nf1 Ne6 30. Qd2 Qh4 31. Neg3 Nc5 32. Qc2 Qf4 33. Ne3 c6
34. b4 Ne6 35. Ngf1 Ng5 36. g3 Qxe4 37. Qxe4 Nxe4 38. Nc4 Bxf2+ 39. Kg2 Bb6 40.
Nxe5 Kg7 41. g4 hxg4 42. hxg4 Kf6 43. Nd7+ Ke6 44. Nxb6 axb6 45. Ne3 b5 46. Kf3
Ke5 47. Nc2 Nd2+ 48. Ke2 Nc4 49. b3 Nd6 50. Ke3 Ne4 51. c4 bxc4 52. bxc4 Nd6
53. c5 Ne4 54. Ne1 Nf6 55. Nf3+ Ke6 56. Nd4+ Kd7 57. Kf3 Nd5 58. Nc2 Ke6 59.
Ke4 f5+ 60. gxf5+ gxf5+ 61. Kd3 Ke5 62. Kc4 Ke4 63. b5 Ne3+ 64. Nxe3 Kxe3 65.
Kb4 Kd4 0-1

[Event "SC Klein-Berlin Rheine 1 - SF Schwerte "]
[Site "NRW-Klasse, Gruppe 2 2010/201"]
[Date "2010.11.28"]
[Round "3.7"]
[White "Duerwald, Martin"]
[Black "Bruemmer, Andreas"]
[Result "1-0"]
[WhiteElo "2032"]
[BlackElo "1914"]
[PlyCount "76"]
[EventDate "2010.??.??"]

1. e4 d6 2. d4 Nf6 3. Nc3 e5 4. dxe5 dxe5 5. Qxd8+ Kxd8 6. Bg5 Nbd7 7. O-O-O
Bd6 8. Nb5 Ke7 9. f3 h6 10. Bxf6+ Nxf6 11. Bc4 a6 12. Nxd6 cxd6 13. Ne2 b5 14.
Bb3 Be6 15. Rd3 Rac8 16. Rhd1 Rc6 17. Rc3 Rhc8 18. Rxc6 Rxc6 19. Ng3 g6 20. Nf1
h5 21. Ne3 Rc5 22. Rd3 Bxb3 23. axb3 b4 24. Kd2 Ke6 25. c3 a5 26. c4 Nd7 27.
Nd5 Rc8 28. f4 exf4 29. Nxf4+ Ke7 30. Rd5 Nc5 31. Kc2 Rc6 32. e5 dxe5 33. Rxe5+
Kf8 34. Nd3 Ne6 35. Rd5 Ke7 36. Ne5 Rc5 37. Rxc5 Nxc5 38. Nd3 Nd7 1-0

[Event "SC Klein-Berlin Rheine 1 - SF Schwerte "]
[Site "NRW-Klasse, Gruppe 2 2010/201"]
[Date "2010.11.28"]
[Round "3.8"]
[White "Kornick, Ulrich"]
[Black "Vorschuetz, Stefan"]
[Result "0-1"]
[WhiteElo "1869"]
[BlackElo "2010"]
[PlyCount "82"]
[EventDate "2010.??.??"]

1. d4 Nf6 2. Nf3 c5 3. e3 cxd4 4. exd4 g6 5. c4 Bg7 6. Nc3 O-O 7. Bd3 d5 8.
cxd5 Nxd5 9. Qb3 Nb6 10. Be3 Nc6 11. Be4 Na5 12. Qb4 Nac4 13. b3 Nd6 14. O-O
Nxe4 15. Nxe4 Nd5 16. Qd2 f5 17. Nc3 Nxc3 18. Qxc3 Be6 19. Rac1 Bd5 20. Bf4 Rc8
21. Qe3 e6 22. Be5 Qd7 23. Bxg7 Qxg7 24. Rc3 f4 25. Qd2 g5 26. Ne5 Rxc3 27.
Qxc3 g4 28. f3 h5 29. Rc1 gxf3 30. Nxf3 Bxf3 31. Qxf3 Qxd4+ 32. Kh1 Qb2 33. Rd1
Qe5 34. h3 Rf7 35. Qd3 Kg7 36. Qd8 f3 37. gxf3 Rxf3 38. Qe7+ Kh6 39. Qh4 Qe3
40. Re1 Rxh3+ 41. Kg2 Qf3+ 0-1

[Event "Kölner SK Dr. Lasker 1 - Bielefelder SK"]
[Site "NRW-Klasse, Gruppe 2 2010/201"]
[Date "2010.11.28"]
[Round "3.1"]
[White "Gruen, Gerd-Peter"]
[Black "Marcziter, Dmitrii"]
[Result "1-0"]
[WhiteElo "2327"]
[BlackElo "2243"]
[PlyCount "81"]
[EventDate "2010.??.??"]

1. d4 d5 2. Nf3 c5 3. c4 e6 4. cxd5 exd5 5. g3 Nc6 6. Bg2 Nf6 7. O-O cxd4 8.
Nxd4 Be7 9. Nc3 O-O 10. b3 Bg4 11. h3 Be6 12. Bb2 Qa5 13. a3 Rad8 14. e3 Rfe8
15. Rc1 Rc8 16. b4 Qd8 17. Ncb5 Qd7 18. Nxe6 fxe6 19. e4 Red8 20. exd5 exd5 21.
Re1 Bf8 22. Nd4 Re8 23. Rxe8 Rxe8 24. Nxc6 bxc6 25. Qa4 Re6 26. Bd4 a6 27. Bxf6
Rxf6 28. Qxa6 Qf5 29. Qe2 Re6 30. Qf3 Qe5 31. Kh2 Rf6 32. Qe3 Qf5 33. f4 Re6
34. Qd2 Qf6 35. Rxc6 Rxc6 36. Qxd5+ Re6 37. f5 Kf7 38. fxe6+ Qxe6 39. Qh5+ Kf6
40. Qh4+ g5 41. Qxh7 1-0

[Event "Kölner SK Dr. Lasker 1 - Bielefelder SK"]
[Site "NRW-Klasse, Gruppe 2 2010/201"]
[Date "2010.11.28"]
[Round "3.2"]
[White "Loseries, Uwe"]
[Black "Forchert, Martin"]
[Result "1/2-1/2"]
[WhiteElo "2096"]
[BlackElo "2370"]
[PlyCount "99"]
[EventDate "2010.??.??"]

1. d4 d5 2. c4 c6 3. Nf3 Nf6 4. e3 Bg4 5. Qb3 Qb6 6. Ne5 Bf5 7. Nc3 e6 8. Bd2
Be7 9. Be2 Nbd7 10. Qxb6 axb6 11. Nxd7 Kxd7 12. f3 h5 13. Kf2 Bd6 14. Rac1 Ke7
15. a3 Rhd8 16. g3 Rd7 17. Rhe1 Bc7 18. Kg2 Kf8 19. cxd5 exd5 20. Na2 Kg8 21.
Nb4 Ne8 22. Nd3 Nd6 23. Nf2 Re7 24. h3 b5 25. g4 Bg6 26. f4 hxg4 27. hxg4 Be4+
28. Bf3 Bxf3+ 29. Kxf3 Nc4 30. Bb4 Bd6 31. Bxd6 Nxd6 32. Rc2 f6 33. e4 dxe4+
34. Nxe4 Rxe4 35. Rxe4 Nxe4 36. Kxe4 Re8+ 37. Kd3 Kf7 38. f5 Re1 39. Re2 Rg1
40. Re4 Rg3+ 41. Kc2 g6 42. d5 gxf5 43. gxf5 Rf3 44. dxc6 bxc6 45. Re6 Rxf5 46.
Rxc6 Rd5 47. b3 f5 48. a4 bxa4 49. bxa4 f4 50. Rc4 1/2-1/2

[Event "Kölner SK Dr. Lasker 1 - Bielefelder SK"]
[Site "NRW-Klasse, Gruppe 2 2010/201"]
[Date "2010.11.28"]
[Round "3.3"]
[White "Buenermann, Volker"]
[Black "di Franco, Patricio"]
[Result "1-0"]
[WhiteElo "2270"]
[BlackElo "2086"]
[PlyCount "65"]
[EventDate "2010.??.??"]

1. e4 c5 2. Nf3 e6 3. d4 cxd4 4. Nxd4 Nf6 5. Nc3 Nc6 6. Ndb5 d6 7. Bf4 e5 8.
Bg5 a6 9. Na3 b5 10. Nd5 Be7 11. Nxe7 Nxe7 12. Bd3 d5 13. exd5 Qxd5 14. Qd2 O-O
15. Bxf6 gxf6 16. Qb4 Qe6 17. Qe4 f5 18. Qxa8 e4 19. Be2 Qb6 20. Nxb5 axb5 21.
Qa3 b4 22. Qe3 Qf6 23. O-O-O Be6 24. Qd4 Qg5+ 25. Kb1 Rc8 26. h4 Qh6 27. Qxb4
Nd5 28. Qd6 Nf4 29. Qd2 Kg7 30. g3 Nxe2 31. Qxe2 Bc4 32. Qe3 Qa6 33. Qg5+ 1-0

[Event "Kölner SK Dr. Lasker 1 - Bielefelder SK"]
[Site "NRW-Klasse, Gruppe 2 2010/201"]
[Date "2010.11.28"]
[Round "3.4"]
[White "van Muenster, Kirsten"]
[Black "Goeßling, Guido"]
[Result "1/2-1/2"]
[WhiteElo "2081"]
[BlackElo "2188"]
[PlyCount "31"]
[EventDate "2010.??.??"]

1. c4 c6 2. g3 d5 3. Bg2 Nf6 4. Nf3 dxc4 5. O-O b5 6. b3 cxb3 7. axb3 Bb7 8.
Ba3 e6 9. Bxf8 Kxf8 10. d4 g6 11. Nbd2 Kg7 12. Qc2 Qb6 13. e4 Nfd7 14. Qb2 Re8
15. Rfc1 a5 16. Qc3 1/2-1/2

[Event "Kölner SK Dr. Lasker 1 - Bielefelder SK"]
[Site "NRW-Klasse, Gruppe 2 2010/201"]
[Date "2010.11.28"]
[Round "3.5"]
[White "Wagenknecht, Uwe"]
[Black "Hoeren, Andreas"]
[Result "1-0"]
[WhiteElo "2172"]
[BlackElo "2103"]
[PlyCount "141"]
[EventDate "2010.??.??"]

1. c4 e6 2. Nf3 d5 3. b3 c5 4. e3 Nc6 5. Bb2 d4 6. exd4 cxd4 7. g3 e5 8. Qe2 f6
9. d3 Nh6 10. Bg2 Be7 11. O-O O-O 12. a3 a5 13. Nbd2 Bg4 14. h3 Bf5 15. Nh4 Be6
16. Rae1 Qd7 17. g4 g5 18. Nhf3 Nf7 19. Ne4 Nh8 20. Bc1 Ng6 21. Kh2 Rae8 22.
Rg1 Bd6 23. Bf1 Qe7 24. Qb2 Kg7 25. Kh1 Qd7 26. Nxd6 Qxd6 27. Nd2 Nh4 28. Ne4
Qe7 29. Bg2 Nxg2 30. Rxg2 Bf7 31. h4 h6 32. Rh2 Bg6 33. Qe2 Nd8 34. hxg5 hxg5
35. Ng3 Rh8 36. Nh5+ Bxh5 37. gxh5 Rh6 38. f4 Nf7 39. fxg5 fxg5 40. Rg1 Reh8
41. Qg4 Qf6 42. Kg2 Qe6 43. Kg3 Rg8 44. Rf1 Qxg4+ 45. Kxg4 Rf6 46. Rhf2 Rxf2
47. Rxf2 Kf8 48. Rf6 Ke7 49. Rb6 Nd6 50. c5 Nf7 51. Rxb7+ Ke6 52. Rb6+ Kd5 53.
Rf6 Nd8 54. b4 Ne6 55. h6 axb4 56. axb4 Rb8 57. h7 Rh8 58. Kf5 Rxh7 59. Rxe6
Rf7+ 60. Rf6 Rxf6+ 61. Kxf6 g4 62. Bd2 g3 63. Be1 g2 64. Bf2 e4 65. dxe4+ Kxe4
66. c6 d3 67. c7 Kf3 68. Bc5 d2 69. c8=Q d1=Q 70. Qf5+ Kg3 71. Bf2+ 1-0

[Event "Kölner SK Dr. Lasker 1 - Bielefelder SK"]
[Site "NRW-Klasse, Gruppe 2 2010/201"]
[Date "2010.11.28"]
[Round "3.6"]
[White "Cramer, Volker"]
[Black "Simon, Hans Christian"]
[Result "0-1"]
[WhiteElo "2054"]
[BlackElo "2141"]
[PlyCount "108"]
[EventDate "2010.??.??"]

1. Nf3 f5 2. d4 Nf6 3. g3 g6 4. Bg2 Bg7 5. O-O O-O 6. c4 d6 7. Nc3 Qe8 8. Qb3
Na6 9. c5+ Kh8 10. cxd6 exd6 11. Bf4 Nh5 12. Rac1 Nxf4 13. gxf4 c6 14. Rfd1 Qe7
15. e3 Nc7 16. d5 c5 17. a4 h6 18. Ne2 Na6 19. Rd2 Nb4 20. Ne1 Bd7 21. Nc2 a5
22. Na3 g5 23. Nc4 Be8 24. Ng3 b5 25. axb5 Bxb5 26. Nh5 a4 27. Qd1 Bxc4 28.
Rxc4 a3 29. bxa3 Rxa3 30. Nxg7 Qxg7 31. fxg5 hxg5 32. Qh5+ Qh7 33. Qxh7+ Kxh7
34. h3 Kg6 35. e4 Re8 36. Re2 Kf6 37. Rc1 f4 38. f3 Ke5 39. Rd2 Rea8 40. Kf1
Rb3 41. Ke2 Raa3 42. Kf1 Nd3 43. Rcd1 c4 44. Rc2 Rc3 45. Rxc3 Rxc3 46. Ke2 Kd4
47. Bf1 Rc2+ 48. Rd2 Rc1 49. Rd1 Rxd1 50. Kxd1 Ne5 51. Be2 Ke3 52. Ke1 c3 53.
Bd1 Nxf3+ 54. Bxf3 c2 0-1

[Event "Kölner SK Dr. Lasker 1 - Bielefelder SK"]
[Site "NRW-Klasse, Gruppe 2 2010/201"]
[Date "2010.11.28"]
[Round "3.7"]
[White "Danielmeier, Ralf"]
[Black "Cmiel, Thorsten"]
[Result "1-0"]
[WhiteElo "2107"]
[BlackElo "2189"]
[PlyCount "55"]
[EventDate "2010.??.??"]

1. e4 g6 2. d4 c5 3. dxc5 Bg7 4. c3 Nc6 5. Be3 Nf6 6. Nd2 O-O 7. Ngf3 Ng4 8.
Bf4 b6 9. h3 Nge5 10. Nxe5 Nxe5 11. Nc4 Nxc4 12. Bxc4 bxc5 13. Bd5 Ba6 14. Bxa8
Qxa8 15. Qa4 Bd3 16. f3 d6 17. Rd1 c4 18. Kf2 f5 19. exf5 Rxf5 20. Rhe1 e5 21.
Be3 Rf7 22. Rd2 e4 23. f4 g5 24. g3 gxf4 25. gxf4 Bh6 26. Rg1+ Kf8 27. Rg4 d5
28. Bc5+ 1-0

[Event "Kölner SK Dr. Lasker 1 - Bielefelder SK"]
[Site "NRW-Klasse, Gruppe 2 2010/201"]
[Date "2010.11.28"]
[Round "3.8"]
[White "Eckler, Klaus"]
[Black "Gruettemeier, Uwe"]
[Result "0-1"]
[WhiteElo "2030"]
[BlackElo "2078"]
[Annotator ",Daniel"]
[PlyCount "90"]
[EventDate "2010.??.??"]

1. Nf3 g6 2. c4 Bg7 3. d4 d6 4. e4 c6 5. Be2 Bg4 6. Be3 Nd7 7. Nc3 Qc7 8. O-O
Ngf6 9. Rc1 O-O 10. h3 Bxf3 11. Bxf3 a6 12. Qd2 Rfd8 13. Rfd1 Qa5 14. a3 e5 15.
Qc2 exd4 16. Rxd4 Ne8 17. Rdd1 Qe5 18. Be2 Nc5 19. Bd4 Qg5 20. Be3 Qe5 21. f4
Qe7 22. Bf3 Nf6 23. Bxc5 dxc5 24. e5 Ne8 25. Ne4 Nc7 26. Qf2 Ne6 27. Bg4 f5 $11
28. exf6 Bxf6 29. Bxe6+ Qxe6 30. Nxc5 Rxd1+ 31. Rxd1 Qxc4 32. Nd7 Qf7 33. Qb6
Bg7 34. Qxb7 Re8 35. Qxc6 Bxb2 36. Ne5 Bxe5 37. fxe5 Rxe5 38. Qxa6 Qc7 39. Qf6
Qc5+ 40. Kh1 Re8 41. Rd7 Re1+ 42. Kh2 Qg1+ 43. Kg3 Re3+ 44. Kh4 Qe1+ 45. Kg5
Rg3+ 0-1

[Event "SK Herne-Sodingen 1 - Elberfelder SG 1"]
[Site "NRW-Klasse, Gruppe 2 2010/201"]
[Date "2010.11.28"]
[Round "3.1"]
[White "Odendahl, Reiner"]
[Black "Sandkamp, Ralph"]
[Result "1/2-1/2"]
[WhiteElo "2303"]
[BlackElo "2230"]
[PlyCount "56"]
[EventDate "2010.??.??"]

1. Nf3 c5 2. c4 g6 3. d4 cxd4 4. Nxd4 Bg7 5. e4 Nc6 6. Be3 Nf6 7. Nc3 O-O 8.
Be2 d6 9. O-O Bd7 10. Qd2 Nxd4 11. Bxd4 Bc6 12. f3 a5 13. b3 Nd7 14. Bf2 f5 15.
exf5 gxf5 16. Rad1 Kh8 17. Nd5 Bxd5 18. Qxd5 Qc7 19. f4 Nc5 20. Bf3 Rab8 21.
Rfe1 b5 22. cxb5 Rxb5 23. Qc6 Qxc6 24. Bxc6 Rb6 25. Bf3 Bf6 26. Rd5 a4 27. bxa4
Rb4 28. Be3 Rxa4 1/2-1/2

[Event "SK Herne-Sodingen 1 - Elberfelder SG 1"]
[Site "NRW-Klasse, Gruppe 2 2010/201"]
[Date "2010.11.28"]
[Round "3.2"]
[White "Tomaszewski, Roman"]
[Black "Hintze, Helge"]
[Result "1-0"]
[WhiteElo "2301"]
[BlackElo "2303"]
[PlyCount "73"]
[EventDate "2010.??.??"]

1. c4 Nf6 2. Nc3 d5 3. cxd5 Nxd5 4. g3 Nxc3 5. bxc3 g6 6. Bg2 Bg7 7. h4 h6 8.
Rb1 Nd7 9. Nf3 c5 10. O-O Qa5 11. a4 O-O 12. c4 Nb6 13. Rb5 Qa6 14. Rxc5 Nxa4
15. Rc7 e5 16. Ne1 Qa5 17. Bxb7 Qxc7 18. Bxa8 Nb6 19. Bg2 Qxc4 20. d3 Qb5 21.
Bd2 Be6 22. Nf3 a5 23. Qb1 Bb3 24. Bc3 a4 25. Qa1 Nd7 26. Nd2 Rb8 27. Rb1 Bf8
28. Bh3 f5 29. h5 Kh7 30. hxg6+ Kxg6 31. e4 Qxd3 32. Bxf5+ Kg7 33. Nxb3 Rxb3
34. Rd1 Qxc3 35. Rxd7+ Kf6 36. Qxa4 Rb6 37. Qa8 1-0

[Event "SK Herne-Sodingen 1 - Elberfelder SG 1"]
[Site "NRW-Klasse, Gruppe 2 2010/201"]
[Date "2010.11.28"]
[Round "3.3"]
[White "Mantler, Hendrik"]
[Black "Langers, Alexander"]
[Result "1-0"]
[WhiteElo "2136"]
[BlackElo "2155"]
[PlyCount "41"]
[EventDate "2010.??.??"]

1. e4 c5 2. Nf3 e6 3. d4 cxd4 4. Nxd4 Nc6 5. Nc3 a6 6. Bc4 Qc7 7. Bb3 Nf6 8. a3
b5 9. Be3 Ne5 10. Qe2 Neg4 11. Bg5 Bc5 12. O-O-O Qb6 13. Nf5 O-O 14. Nxg7 Kxg7
15. e5 Be7 16. exf6+ Nxf6 17. Ne4 Ng8 18. Qg4 Kh8 19. Bxe7 Nxe7 20. Nf6 Ng8 21.
Nh5 1-0

[Event "SK Herne-Sodingen 1 - Elberfelder SG 1"]
[Site "NRW-Klasse, Gruppe 2 2010/201"]
[Date "2010.11.28"]
[Round "3.4"]
[White "Schippan, Bernhard"]
[Black "Kurr, Gerd"]
[Result "0-1"]
[WhiteElo "2222"]
[BlackElo "2160"]
[PlyCount "60"]
[EventDate "2010.??.??"]

1. e4 c6 2. d4 d5 3. e5 Bf5 4. Nf3 e6 5. Be2 c5 6. Be3 Qb6 7. Nc3 Nc6 8. dxc5
Qxb2 9. Qb1 Qxc3+ 10. Bd2 Qxc5 11. Qxb7 Rb8 12. Qa6 Nge7 13. O-O Rb6 14. Qa4
Qxc2 15. Qh4 Qe4 16. Rfe1 Qxh4 17. Nxh4 Ng6 18. Nxf5 exf5 19. Rab1 Bb4 20. Bxb4
Nxb4 21. a3 Nc2 22. Rxb6 axb6 23. Rb1 Nxa3 24. Rxb6 O-O 25. Rd6 Nf4 26. Bf1 Nc4
27. Bxc4 dxc4 28. Rc6 Rd8 29. h4 Ng6 30. Rxc4 Nxe5 0-1

[Event "SK Herne-Sodingen 1 - Elberfelder SG 1"]
[Site "NRW-Klasse, Gruppe 2 2010/201"]
[Date "2010.11.28"]
[Round "3.5"]
[White "Wunsch, Axel"]
[Black "Waldschmidt, Georg"]
[Result "0-1"]
[WhiteElo "2122"]
[BlackElo "2188"]
[PlyCount "36"]
[EventDate "2010.??.??"]

1. Nf3 c5 2. g3 Nc6 3. Bg2 g6 4. O-O Bg7 5. c4 e6 6. Nc3 Nge7 7. d3 O-O 8. Rb1
d5 9. cxd5 exd5 10. Bg5 h6 11. Bf4 b6 12. h4 d4 13. Nb5 a6 14. Nd6 Be6 15. a3
Nd5 16. Qd2 Nce7 17. Nc4 Nxf4 18. Qxf4 b5 0-1

[Event "SK Herne-Sodingen 1 - Elberfelder SG 1"]
[Site "NRW-Klasse, Gruppe 2 2010/201"]
[Date "2010.11.28"]
[Round "3.6"]
[White "Becker, Joerg"]
[Black "Noetzel, Frank"]
[Result "1/2-1/2"]
[WhiteElo "2176"]
[BlackElo "2208"]
[PlyCount "117"]
[EventDate "2010.??.??"]

1. d4 f5 2. c4 Nf6 3. g3 g6 4. Bg2 Bg7 5. Nc3 d6 6. Nh3 Nc6 7. d5 Ne5 8. f4 Nf7
9. O-O O-O 10. Nf2 Re8 11. e4 fxe4 12. Nfxe4 c5 13. Nf2 Nh6 14. h3 Nf5 15. g4
Nd4 16. Be3 e6 17. dxe6 Bxe6 18. Bxd4 cxd4 19. Nd5 Bxd5 20. cxd5 Qb6 21. Qd2
Re3 22. g5 Nh5 23. Ng4 Rae8 24. Rf2 Ng3 25. Bf3 Nf5 26. Rc1 h5 27. gxh6 Nxh6
28. Nxh6+ Bxh6 29. Bg4 R8e4 30. Qc2 d3 31. Qc8+ Re8 32. Qd7 R3e7 33. Be6+ Kh7
34. Qa4 Qe3 35. Rcf1 Rf8 36. Kg2 b5 37. Qb4 a5 38. Qxd6 Ree8 39. Qc7+ Kh8 40.
Rf3 Qd4 41. Qc3 Qxc3 42. bxc3 d2 43. Kg3 Rd8 44. Rd3 Rf6 45. Rd4 b4 46. Rxd2
Rxe6 47. dxe6 Rxd2 48. Re1 Rd8 49. cxb4 axb4 50. Re4 Re8 51. Rxb4 Rxe6 52. Kg4
Re1 53. h4 Rg1+ 54. Kf3 Bf8 55. Rb7 Ra1 56. Rb8 Kg7 57. Kg4 Be7 58. Rb7 Kf7 59.
Rb3 1/2-1/2

[Event "SK Herne-Sodingen 1 - Elberfelder SG 1"]
[Site "NRW-Klasse, Gruppe 2 2010/201"]
[Date "2010.11.28"]
[Round "3.7"]
[White "Wicht, Juergen"]
[Black "Berndt, Joachim"]
[Result "1/2-1/2"]
[WhiteElo "2069"]
[BlackElo "2118"]
[PlyCount "37"]
[EventDate "2010.??.??"]

1. d4 f5 2. c4 Nf6 3. g3 e6 4. Nf3 Be7 5. Bg2 O-O 6. O-O d6 7. b3 Ne4 8. Nfd2
d5 9. Bb2 a5 10. e3 Na6 11. f3 Nxd2 12. Qxd2 Bd7 13. f4 Be8 14. Nc3 c6 15. c5
b6 16. cxb6 Qxb6 17. Na4 Qb7 18. Rfc1 Bb4 19. Bc3 1/2-1/2

[Event "SK Herne-Sodingen 1 - Elberfelder SG 1"]
[Site "NRW-Klasse, Gruppe 2 2010/201"]
[Date "2010.11.28"]
[Round "3.8"]
[White "Kaehmann, Joerg"]
[Black "Weick, Bjoern"]
[Result "1/2-1/2"]
[WhiteElo "2170"]
[BlackElo "2063"]
[PlyCount "84"]
[EventDate "2010.??.??"]

1. e4 c5 2. Nf3 Nc6 3. d4 cxd4 4. Nxd4 Nf6 5. Nc3 e5 6. Ndb5 d6 7. Bg5 a6 8.
Bxf6 gxf6 9. Na3 b5 10. Nd5 Bg7 11. c3 Ne7 12. Nxe7 Qxe7 13. Nc2 Bb7 14. Bd3 f5
15. Qf3 f4 16. O-O-O O-O 17. g4 Rfc8 18. Nb4 d5 19. Nxd5 Bxd5 20. exd5 b4 21.
d6 Qf6 22. d7 Rd8 23. Bf5 bxc3 24. Qxc3 Rab8 25. Rd2 Qb6 26. Be4 f3 27. g5 Qe6
28. Bd5 Qxd7 29. Qxf3 e4 30. Qxe4 Qb5 31. Bb3 Rxd2 32. Kxd2 Re8 33. Qd3 Qxg5+
34. Kc2 Rd8 35. Qe3 Qf5+ 36. Kc1 Be5 37. Rg1+ Bg7 38. Qc3 Qf4+ 39. Kb1 Qh6 40.
Qc7 Qf6 41. Bxf7+ Kh8 42. Qb7 Qxf2 1/2-1/2

[Event "SK Herne-Sodingen 1 - SF Monheim 1"]
[Site "NRW-Klasse, Gruppe 2 2010/201"]
[Date "2010.12.19"]
[Round "4.1"]
[White "Weber, Peter"]
[Black "Langers, Alexander"]
[Result "1/2-1/2"]
[WhiteElo "2201"]
[BlackElo "2155"]
[PlyCount "103"]
[EventDate "2010.??.??"]

1. e4 c5 2. Nf3 e6 3. d4 cxd4 4. Nxd4 Nc6 5. Nb5 d6 6. c4 a6 7. N5c3 Nf6 8. Be2
Be7 9. Be3 b6 10. O-O O-O 11. Nd2 Nd7 12. Nf3 Bb7 13. Qd2 Rc8 14. Rfd1 Qc7 15.
Rac1 Qb8 16. Bg5 Nf6 17. Qe3 Ba8 18. Na4 b5 19. cxb5 axb5 20. Nb6 Ng4 21. Qf4
Qxb6 22. Qxg4 Bxg5 23. Qxg5 b4 24. Rxd6 Qa7 25. Bb5 Ne7 26. Rd7 Rxc1+ 27. Qxc1
Qb8 28. Bd3 Rc8 29. Qg5 Ng6 30. h4 h6 31. Qe3 Ne5 32. Nxe5 Qxe5 33. b3 Qa1+ 34.
Kh2 Qxa2 35. Bc4 Qc2 36. f3 Qb2 37. Qf4 Qf6 38. Qxf6 gxf6 39. Kg3 Kf8 40. Kg4
Bc6 41. Ra7 Ra8 42. Rc7 Be8 43. Kf4 Ra2 44. g3 Rg2 45. g4 Rh2 46. Kg3 Rc2 47.
Rb7 Rc3 48. Rxb4 Ke7 49. Rb7+ Kd6 50. Kf2 Ke5 51. Kg3 Bc6 52. Rxf7 1/2-1/2

[Event "SK Herne-Sodingen 1 - SF Monheim 1"]
[Site "NRW-Klasse, Gruppe 2 2010/201"]
[Date "2010.12.19"]
[Round "4.2"]
[White "Schippan, Bernhard"]
[Black "Homuth, Wolfgang"]
[Result "1/2-1/2"]
[WhiteElo "2222"]
[BlackElo "2200"]
[PlyCount "30"]
[EventDate "2010.??.??"]

1. e4 e5 2. Nf3 Nc6 3. Bc4 Bc5 4. c3 Nf6 5. d3 a6 6. O-O Ba7 7. Re1 d6 8. Bb3
O-O 9. Nbd2 Ne7 10. Nf1 Ng6 11. Ng3 h6 12. h3 Re8 13. d4 Qe7 14. Nf5 Qf8 15.
dxe5 dxe5 1/2-1/2

[Event "SK Herne-Sodingen 1 - SF Monheim 1"]
[Site "NRW-Klasse, Gruppe 2 2010/201"]
[Date "2010.12.19"]
[Round "4.3"]
[White "Stoeber, Michael"]
[Black "Waldschmidt, Georg"]
[Result "1-0"]
[WhiteElo "2215"]
[BlackElo "2188"]
[PlyCount "57"]
[EventDate "2010.??.??"]

1. Nf3 c5 2. g3 Nc6 3. c4 e6 4. Bg2 d5 5. O-O Nf6 6. cxd5 exd5 7. d4 Be7 8.
dxc5 Bxc5 9. Nbd2 O-O 10. Nb3 Bb6 11. Nbd4 Re8 12. e3 Ne4 13. Bd2 Bg4 14. Be1
Nxd4 15. exd4 Qf6 16. Qb3 Bxf3 17. Bxf3 Bxd4 18. Kg2 Rad8 19. Qxb7 Ng5 20. Bxd5
Qf5 21. Bc6 Rb8 22. Qd7 Re6 23. Rd1 Rbe8 24. Rxd4 Qh3+ 25. Kg1 Rxe1 26. Qxh3
Nxh3+ 27. Kg2 Rxf1 28. Bxe8 Re1 29. Bb5 1-0